000 00628nam a2200193Ia 4500
001 14948
003 GE_BSU
008 181216s||||||||xx |||||||||||||| ||und||
040 _cGE_BSU
080 _a512.64
100 _aБлох,Э.Л. Лошинский,П.И. Турин.В.Я.
245 _aОсновы линейной алгебры и некоторые ее приложения
260 _aМосква
260 _bВысшая школа
260 _c1971
300 _a253стр.20см.
653 _aОсновы линейной алгебры и некоторые ее приложения
942 _cBK
999 _c48068
_d48068